OMS, série de rapports techniques; N.825 L'utilisation des médicaments essentiels,Liste modèle des médicaments essentiels ( septième liste )

Salvato in:
Dettagli Bibliografici
Autore principale: OMS
Natura: Libro
Lingua:Undetermined
Pubblicazione: Genève OMS 1992
Soggetti:
Tags: Aggiungi Tag
Nessun Tag, puoi essere il primo ad aggiungerne! !
Thư viện lưu trữ: Trung tâm Học liệu Trường Đại học Cần Thơ
LEADER 00604nam a2200193Ia 4500
001 CTU_34675
008 210402s9999 xx 000 0 und d
082 |a 614 
082 |b O.68f/N.825 
100 |a OMS 
245 0 |a OMS, série de rapports techniques; N.825 
245 0 |b L'utilisation des médicaments essentiels,Liste modèle des médicaments essentiels ( septième liste ) 
245 0 |c OMS 
260 |a Genève 
260 |b OMS 
260 |c 1992 
650 |a essential drugs 
904 |i Nguyễn Quang Điền, 991222 
980 |a Trung tâm Học liệu Trường Đại học Cần Thơ